000 00454nam a2200181Ia 4500
005 20230106115637.0
008 131103s9999 xx 000 0 und d
040 _aLoreto College
041 _aEnglish
082 _a813.54
_bDRU
100 _aDrury,Allen
245 _aAdvise and consent
_cAllen Drury
260 _aNew York
_bPocket Books
_c1961
300 _a760 p.
650 _aAmerican Fiction - 20th Century
850 _aLCLIB
942 _cBK
999 _c11969
_d62448